Problématique de la gestion des eaux usées dans le deuxième arrondissement de Cotonou (Record no. 46671)

MARC details
000 -LEADER
fixed length control field 00537nam a22001817a 4500
003 - CONTROL NUMBER IDENTIFIER
control field 0
005 - DATE AND TIME OF LATEST TRANSACTION
control field 20160609165252.0
008 - FIXED-LENGTH DATA ELEMENTS--GENERAL INFORMATION
fixed length control field 100108t xxu||||| |||| 00| 0 eng d
037 ## - SOURCE OF ACQUISITION
Stock number M15410
Source of stock number/acquisition BIBLIO
040 ## - SOURCE DU CATALOGAGE
Original cataloging agency UAC
Language of cataloging F
Transcribing agency EPAC
082 ## - DEWEY DECIMAL CLASSIFICATION NUMBER
Classification number 27.APE/BIS
100 ## - VEDETTE PRINCIPALE - NOM DE PERSONNE
Personal name Roukatou O. BISSIRIOU
9 (RLIN) 2610
245 ## - TITLE STATEMENT
Title Problématique de la gestion des eaux usées dans le deuxième arrondissement de Cotonou
260 ## - PUBLICATION, DISTRIBUTION, ETC. (IMPRINT)
Place of publication, distribution, etc EPAC
Name of publisher, distributor, etc BIBLIO
Date of publication, distribution, etc 2007-2008
300 ## - PHYSICAL DESCRIPTION
Extent II-28p
Dimensions 29cm
650 ## - SUBJECT ADDED ENTRY--TOPICAL TERM
Topical term or geographic name as entry element AMENAGEMENT PROTECION ENVIRONNEMENT
9 (RLIN) 2611
942 ## - ADDED ENTRY ELEMENTS (KOHA)
Koha item type Thèse et Memoire
Holdings
Withdrawn status Lost status Damaged status Not for loan Location (home branch) Sublocation or collection (holding branch) Date acquired Source of acquisition Koha issues (times borrowed) Koha full call number Piece designation (barcode) Koha date last seen Copy number Price effective from Koha item type Public note
        Bibliothèque American Corner de l'UAC Bibliothèque American Corner de l'UAC 21/02/2011 Don   27.APE/BIS R16713EPAC 21/02/2011 1 21/02/2011 Thèse et Memoire Prêt à domicile
        Bibliothèque Ecole Polytechnique d'Abomey-Calavi Bibliothèque Ecole Polytechnique d'Abomey-Calavi 08/01/2010 Don   27.APE/BIS M15410 08/01/2010 3 08/01/2010 Thèse et Memoire 3 Exemplaires dont un exclu du prêt
        Bibliothèque Ecole Polytechnique d'Abomey-Calavi Bibliothèque Ecole Polytechnique d'Abomey-Calavi 21/02/2011 Don   27.APE/BIS R16714EPAC 21/02/2011 2 21/02/2011 Thèse et Memoire Prêt à domicile


© 2008, Bibliothèques de l'Université d'Abomey-Calavi

04 BP 789 Cotonou, Tél. : +229 21 36 01 01, Fax : +229 21 35 06 32

Courriel : bu@bu.uac.bj